LEADER 00715naa a2200145 i 4500 001 000000302912 003 CaOOAMICUS 005 20180831172750.0 008 180831n xx u000 u und u 013 $a10647 040 $aSeMil$bita 100 1 $aRamis, Gabriel.$0(OLS)http://semarc/name/16838 245 10$aCronologia y dramatización de la Pasión en el triduo sacro de las Istituto Liturgico, 9-13 maggio 1988. 773 0 $tCelebrazione del Triduo Pasquale.$dRoma : Benedictina, Ed. Abbazia S. Paolo, 1990.$kStudia Anselmiana. Analecta liturgica$kStudia Anselmiana$w()36778 996 $6245$aCronologia y dramatización de la Pasión en el triduo sacro de las Istituto Liturgico, 9-13 maggio 1988$9(OLS)http://semarc/title/378876 LEADER 01474nam a2200241 i 4500 001 000000224251 003 CaOOAMICUS 005 20260325100233.0 008 131029s1926 it u000 u ita u 040 $aSeMil$bita 245 10$a3: 1. e 2. Esdra ; Tobia ; Giuditta ; Ester ; Giobbe ; Il libro dei Salmi. 300 $a2 pt. (394, 375 p.), [2] c. geogr. 650 4$aBibbia. Antico Testamento. Salmi - Commentari, studi, critica, interpretazioni.$0(OLS)http://semarc/subject/289 650 4$aBibbia. Antico Testamento. Giobbe - Commentari, studi, critica, interpretazioni.$0(OLS)http://semarc/subject/182 650 4$aBibbia. Antico Testamento. Esdra - Commentari, studi, critica, interpretazioni.$0(OLS)http://semarc/subject/8798 650 4$aBibbia. Antico Testamento. Ester - Commentari, studi, critica, interpretazioni.$0(OLS)http://semarc/subject/13547 650 4$aBibbia. Antico Testamento. Giuditta - Commentari, studi, critica, interpretazioni.$0(OLS)http://semarc/subject/20016 650 4$aBibbia. Antico Testamento. Tobia - Commentari, studi, critica, interpretazioni.$0(OLS)http://semarc/subject/5109 773 0 $aSales, Marco M. $tVecchio Testamento.$g3$w()9805 850 $aSeMil 852 $aSeMil$W1$xVenegono$y1$m2VV VII 27$j268966$B174597$CSeMilBibl$Z2$F184675 $81 996 $6245$a3: 1. e 2. Esdra ; Tobia ; Giuditta ; Ester ; Giobbe ; Il libro dei Salmi$9(OLS)http://semarc/title/198143